000 00554nam a2200193Ia 4500
005 20250508163835.0
008 008 250505s9999 xx 000 0 eng d
020 _a81-212-0707-X
037 _aTextual
040 _aFEDL
_beng
_cFEDL
041 _aeng
_2eng
084 _a372.6521, SHA
_qFEDL
100 _aSharma Kusum
245 0 _aPsycho-social factors learning english at school
260 _aNew Delhi, India
_bGyan Publishing House
_c2000
300 _a320p.
942 _cTEXL
_h372.6521, SHA
999 _c1385546
_d1385546